000
00296nam a22001337a 4500
008
171024b xxu||||| |||| 00| 0 eng d
020
_a
03953260131317
041
_a
eng
080
_2
311
_a
311
100
_a
55
101
_a
STA
245
_a
BUSSINESS STATISTICS
_c
TERRELL.D
942
_2
udc
_c
BK
999
_c
35688
_d
35688